| 000 | 00758nam a2200157Ia 4500 | ||
|---|---|---|---|
| 005 | 20250117103724.0 | ||
| 008 | 250117s9999 xx 000 0 und d | ||
| 020 | _a9780795347511 | ||
| 100 | _aEggers, William D. | ||
| 245 | 0 |
_aDelivering on Digital _bthe innovators and technologies that are transforming government |
|
| 260 |
_aNew York _bRosettaBooks _c2016 |
||
| 300 | _avi, 289p. ; 22 cm | ||
| 500 | _aIncludes bibliographical references and index. | ||
| 520 | _aWhat if you could file your taxes or open a business online in mere minutes? It's already possible in Estonia. So why are some US government agencies still running software from the 1960s with no upgrades in sight? | ||
| 650 | _aPublic administration--Technological innovations--United States. | ||
| 999 |
_c4822 _d4822 |
||